Jakubův cestovní deník. 3, Pěšky po hranici ČR /
Autor se tentokrát vydal po hranicích České republiky, kdy ušel přibližně 2000 km. Přináší popis cesty, kdy prochází místa známá či dosud neobjevená, přemýšlí nad minulostí naší země a setkává se se znamými či neznámými lidmi.
Uloženo v:
| Série: | Jakubův cestovní deník,
část 3 |
|---|---|
| Hlavní autor: | |
| Médium: | E-kniha |
| Jazyk: | Czech |
| Vydáno: |
Praha :
XYZ,
2021
|
| Vydání: | Vydání první |
| Témata: | |
| Příbuzné jednotky: | Z cyklu::
Jakubův cestovní deník |
| Tagy: |
Žádné tagy |
| LEADER | 02527nam a2200565 i 4500 | ||
|---|---|---|---|
| 001 | 312444 | ||
| 003 | CZ PrSKC | ||
| 005 | 20260601215722.0 | ||
| 007 | ta | ||
| 008 | 210524s2021 xr acf e 000 0 cze | ||
| 015 | |a cnb003325293 | ||
| 020 | |a 9788075978837 |q (brožováno) : |c Kč 299,00 | ||
| 035 | |a (OCoLC)1267679106 | ||
| 040 | |a BOA001 |b cze |e rda | ||
| 043 | |a e-xr--- | ||
| 072 | 7 | |a 913(437) |x Geografie Česka a Slovenska, reálie, cestování |2 Konspekt | |
| 080 | |a 913:910.4 |2 MRF | ||
| 080 | |a 796.51 |2 MRF | ||
| 080 | |a 913(1-192) |2 MRF | ||
| 080 | |a 913(437.3) |2 MRF | ||
| 080 | |a (437.3) |2 MRF | ||
| 080 | |a (047.22) |2 MRF | ||
| 100 | 1 | |a Čech, Jakub, |d 1973- |7 xx0157829 |4 aut | |
| 245 | 1 | 0 | |a Jakubův cestovní deník. |n 3, |p Pěšky po hranici ČR / |c Jakub Čech |
| 246 | 3 | 0 | |a Pěšky po hranici ČR |
| 250 | |a Vydání první | ||
| 264 | 1 | |a Praha : |b XYZ, |c 2021 | |
| 300 | |a 200 stran, 16 nečíslovaných stran obrazových příloh : |b ilustrace (převážně barevné), portréty ; |c 19 cm | ||
| 336 | |a text |b txt |2 rdacontent | ||
| 337 | |a bez média |b n |2 rdamedia | ||
| 338 | |a svazek |b nc |2 rdacarrier | ||
| 500 | |a Terminologický slovník | ||
| 520 | 2 | |a Autor se tentokrát vydal po hranicích České republiky, kdy ušel přibližně 2000 km. Přináší popis cesty, kdy prochází místa známá či dosud neobjevená, přemýšlí nad minulostí naší země a setkává se se znamými či neznámými lidmi. | |
| 650 | 0 | 7 | |a cesty a pobyt |7 ph137578 |z Česko |2 czenas |
| 650 | 0 | 7 | |a pěší turistika |7 ph124864 |z Česko |2 czenas |
| 650 | 0 | 7 | |a pohraničí |7 ph124197 |z Česko |2 czenas |
| 650 | 0 | 9 | |a travels and stays |z Czechia |2 eczenas |
| 650 | 0 | 9 | |a hiking |z Czechia |2 eczenas |
| 650 | 0 | 9 | |a border region |z Czechia |2 eczenas |
| 651 | 7 | |a Česko |7 ge128065 |x reálie |2 czenas | |
| 651 | 9 | |a Czechia |x description and travel |2 eczenas | |
| 655 | 7 | |a cestovní deníky |7 fd891384 |2 czenas | |
| 655 | 9 | |a travel diaries |2 eczenas | |
| 787 | 0 | 8 | |i Z cyklu: |t Jakubův cestovní deník |g 3 |
| 900 | |a ABA001 |b 19 | ||
| 928 | 9 | |a Albatros Media - XYZ | |
| 044 | |a xr | ||
| 910 | |a RBIT002 | ||
| 998 | |d 407366 |a https://core.palmknihy.cz/api/books/407366/cover?sfxwks |b https://core.palmknihy.cz/api/books/407366/cover/400?sfxwks |c https://core.palmknihy.cz/api/books/407366/cover/50?sfxwks |e 2030-12-31 |g 224 |i 9788075978837 |j https://core.palmknihy.cz/api/books/407366/preview.epub |k https://core.palmknihy.cz/api/books/407366/preview.pdf |l |q 49 |r 1 |s https://www.palmknihy.cz/kniha/407366 |t ebook |y 2021 |z 0 | ||
| 999 | |d 312442 | ||